| 000 | 00774nam a22002171a 4500 | ||
|---|---|---|---|
| 005 | 20110718133350.0 | ||
| 008 | 091005s1994 cou 001 0 eng d | ||
| 020 | _c0.00 | ||
| 040 | _aNEGST Library - Kenya | ||
| 050 | 4 | _aBS 325.M86 1994 | |
| 082 | 0 | _aBS 325.M86 1994 | |
| 100 | 1 | _aInternational Bible Society. | |
| 245 | 1 | 0 | _aNyaa shoo boo laa a bee. |
| 260 |
_aColorado Springs, Colo. : _bInternational Bible Soci, _c1994. |
||
| 300 | _a782 p. : ill. | ||
| 500 | _a"The New Testament in Mumuye language of Nigeria, West Africa." - T.p. verso. Maps on end papers. [Africana] | ||
| 600 | 1 | 0 | _aMumuye language - Texts. |
| 600 | 1 | 0 | _aBible. N.T. Mumuye. 1994. |
| 700 | 1 | _aNigerian Bible Translation Trust. | |
| 852 | _94.00 | ||
| 999 |
_c40832 _d40832 |
||